Normal view
MARC view
Entry Personal Name
001 - CONTROL NUMBER
- control field: 75770
003 - CONTROL NUMBER IDENTIFIER
- control field: OSt
005 - DATE AND TIME OF LATEST TRANSACTION
- control field: 20230316143005.0
008 - FIXED-LENGTH DATA ELEMENTS
- fixed length control field: 230316|| aca||aabn | a|a d
040 ## - CATALOGING SOURCE
- Original cataloging agency: OSt
- Transcribing agency: OSt
100 ## - HEADING--PERSONAL NAME
- Personal name: TORRINGTON (Derek);others
670 ## - SOURCE DATA FOUND
- Source citation: Work cat.: (OSt)173421: TORRINGTON (Derek);others, Human resource management, 2002